| 000 | 00593nam a2200229Ia 4500 | ||
|---|---|---|---|
| 003 | OSt | ||
| 005 | 20220918191940.0 | ||
| 006 | a|||||r|||| 00| 0 | ||
| 007 | ta | ||
| 008 | 220917b |||||||| |||| 00| 0 eng d | ||
| 024 | _a66,088 | ||
| 037 | _cTextual | ||
| 040 |
_aARTS _cARTS _beng |
||
| 041 |
_2eng _aeng |
||
| 082 | _aR2, M6 | ||
| 100 |
_aArbib Michael A _977816 |
||
| 245 | 0 | _aConstruction of reality | |
| 260 |
_acambridge _bCUP _c1986 |
||
| 700 |
_a Hesse Mary B _977541 |
||
| 942 |
_hR2, M6 _cTEXL _2CC |
||
| 999 |
_c192322 _d192322 |
||